000
00276nam a2200121Ia 4500
005
20251222144759.0
008
251222s9999||||xx |||||||||||||| ||spa||
082
_a
869.560.1/E87
100
_a
Espinosa Montoya, Rafael
245
0
_a
Pica-pica
264
_b
Copé
942
_c
LIB
999
_c
19667
_d
19667